| 000 | 00580nam a2200205Ia 4500 | ||
|---|---|---|---|
| 003 | GCL | ||
| 008 | 140319s9999 xx 000 0 ara d | ||
| 040 |
_aGCL / _cGCL |
||
| 082 | 0 | 4 |
_aق _b932 _bع ا |
| 100 | 1 | _aعبدالحميد زايد | |
| 245 | 1 | 0 |
_aابيدوس / _cعبدالحميد زايد |
| 260 |
_a[S.N] : _bمصلحة الاثار المصرية ، _c1963 |
||
| 300 | _a123 ص | ||
| 490 | _a | ||
| 650 | 0 | 4 | _aتاريخ |
| 650 | 0 | 4 | _aمصر القديمة |
| 650 | 0 | 4 | _aالاثار الفرعونية |
| 650 | 0 | 4 | _aعلم المصريات |
| 942 |
_2ddc _cBK |
||
| 999 |
_c52501 _d52501 |
||